[Event "Pobeskydi 2026"]
[Site "Frydek-Mistek, Czech Republic"]
[Date "2026.04.02"]
[Round "1.10"]
[White "Zeman, Daniel Nikolas"]
[Black "Kendall, Arthur"]
[Result "1-0"]
[TimeControl "90 min+30s/move"]
[WhiteTitle "-"]
[BlackTitle "-"]
[WhiteFideId "23717130"]
[BlackFideId "343410960"]
[WhiteElo "1957"]
[BlackElo "2032"]

1. e4 {[%clk 01:30:57]} {[%emt 00:00:02]} e6 {[%clk 01:30:59]} {[%emt
00:00:02]} 2. d4 {[%clk 01:31:10]} {[%emt 00:00:16]} d5 {[%clk 01:31:27]}
{[%emt 00:00:02]} 3. exd5 {[%clk 01:31:32]} {[%emt 00:00:08]} exd5 {[%clk
01:31:52]} {[%emt 00:00:06]} 4. Bd3 {[%clk 01:31:59]} {[%emt 00:00:03]} Nc6
{[%clk 01:32:08]} {[%emt 00:00:13]} 5. c3 {[%clk 01:32:13]} {[%emt 00:00:17]}
Bd6 {[%clk 01:32:16]} {[%emt 00:00:21]} 6. Nf3 {[%clk 01:32:36]} {[%emt
00:00:07]} Bg4 {[%clk 01:29:44]} {[%emt 00:03:02]} 7. O-O {[%clk 01:32:06]}
{[%emt 00:01:01]} Qd7 {[%clk 01:26:55]} {[%emt 00:03:20]} 8. b4 {[%clk
01:30:34]} {[%emt 00:02:02]} Nge7 {[%clk 01:25:42]} {[%emt 00:01:41]} 9. Nbd2
{[%clk 01:30:01]} {[%emt 00:01:05]} O-O {[%clk 01:22:38]} {[%emt 00:03:33]} 10.
Re1 {[%clk 01:24:09]} {[%emt 00:06:22]} Rae8 {[%clk 01:19:38]} {[%emt
00:03:29]} 11. Bb2 {[%clk 01:21:22]} {[%emt 00:03:18]} Bf5 {[%clk 01:14:36]}
{[%emt 00:05:32]} 12. Nf1 {[%clk 01:20:07]} {[%emt 00:01:45]} Bxd3 {[%clk
01:01:44]} {[%emt 00:13:22]} 13. Qxd3 {[%clk 01:20:35]} {[%emt 00:00:02]} Ng6
{[%clk 00:46:26]} {[%emt 00:15:48]} 14. Ne3 {[%clk 01:15:33]} {[%emt 00:05:32]}
Nce7 {[%clk 00:45:40]} {[%emt 00:01:15]} 15. Rad1 {[%clk 01:12:29]} {[%emt
00:03:35]} c6 {[%clk 00:45:11]} {[%emt 00:00:59]} 16. a4 {[%clk 01:10:49]}
{[%emt 00:02:11]} f5 {[%clk 00:41:56]} {[%emt 00:03:45]} 17. h3 {[%clk
01:08:13]} {[%emt 00:03:05]} Nf4 {[%clk 00:36:10]} {[%emt 00:06:14]} 18. Qf1
{[%clk 01:05:05]} {[%emt 00:03:40]} Neg6 {[%clk 00:34:12]} {[%emt 00:02:27]} 19.
b5 {[%clk 01:00:14]} {[%emt 00:05:22]} Nh5 {[%clk 00:29:22]} {[%emt 00:05:20]}
20. c4 {[%clk 00:57:21]} {[%emt 00:03:24]} Bb4 {[%clk 00:24:51]} {[%emt
00:05:00]} 21. Re2 {[%clk 00:54:14]} {[%emt 00:03:38]} dxc4 {[%clk 00:24:06]}
{[%emt 00:01:13]} 22. bxc6 {[%clk 00:28:18]} {[%emt 00:26:27]} Qxc6 {[%clk
00:23:13]} {[%emt 00:01:23]} 23. Rc2 {[%clk 00:23:26]} {[%emt 00:05:22]} c3
{[%clk 00:22:50]} {[%emt 00:00:53]} 24. d5 {[%clk 00:22:58]} {[%emt 00:00:59]}
Qc5 {[%clk 00:21:00]} {[%emt 00:02:11]} 25. Bxc3 {[%clk 00:16:24]} {[%emt
00:07:14]} Bxc3 {[%clk 00:21:09]} {[%emt 00:00:20]} 26. Rd3 {[%clk 00:16:52]}
{[%emt 00:00:02]} Ng3 {[%clk 00:18:32]} {[%emt 00:03:07]} 27. fxg3 {[%clk
00:13:50]} {[%emt 00:03:33]} Rxe3 {[%clk 00:18:51]} {[%emt 00:00:10]} 28. Rcxc3
{[%clk 00:14:00]} {[%emt 00:00:21]} Qxc3 {[%clk 00:19:13]} {[%emt 00:00:08]} 29.
Rxc3 {[%clk 00:14:14]} {[%emt 00:00:16]} Rxc3 {[%clk 00:19:40]} {[%emt
00:00:02]} 30. Qe1 {[%clk 00:12:27]} {[%emt 00:02:17]} Rcc8 {[%clk 00:19:00]}
{[%emt 00:01:10]} 31. Qe6+ {[%clk 00:09:01]} {[%emt 00:03:56]} Kh8 {[%clk
00:19:26]} {[%emt 00:00:04]} 32. d6 {[%clk 00:09:16]} {[%emt 00:00:16]} Rce8
{[%clk 00:18:35]} {[%emt 00:01:20]} 33. Qd5 {[%clk 00:09:28]} {[%emt 00:00:19]}
h6 {[%clk 00:17:25]} {[%emt 00:01:40]} 34. d7 {[%clk 00:09:24]} {[%emt
00:00:34]} Rb8 {[%clk 00:14:36]} {[%emt 00:03:19]} 35. Qd6 {[%clk 00:08:19]}
{[%emt 00:01:36]} Kh7 {[%clk 00:14:45]} {[%emt 00:00:21]} 36. Nd4 {[%clk
00:07:10]} {[%emt 00:01:39]} Rbd8 {[%clk 00:14:50]} {[%emt 00:00:25]} 37. Ne6
{[%clk 00:06:11]} {[%emt 00:01:29]} Rf6 {[%clk 00:14:00]} {[%emt 00:01:19]} 38.
Qc7 {[%clk 00:06:07]} {[%emt 00:00:35]} Rxe6 {[%clk 00:13:29]} {[%emt
00:01:01]} 39. Qxd8 {[%clk 00:06:31]} {[%emt 00:00:05]} Ne5 {[%clk 00:13:45]}
{[%emt 00:00:13]} 40. Qe8 {[%clk 00:06:28]} {[%emt 00:00:34]} 1-0

[Event "Pobeskydi 2026"]
[Site "Frydek-Mistek, Czech Republic"]
[Date "2026.04.02"]
[Round "1.11"]
[White "Bjolek, Jan"]
[Black "Langmaier, Michal"]
[Result "0-1"]
[TimeControl "90 min+30s/move"]
[WhiteTitle "-"]
[BlackTitle "-"]
[WhiteFideId "23725800"]
[BlackFideId "23727705"]
[WhiteElo "2026"]
[BlackElo "1949"]

1. d4 {[%clk 01:30:59]} d5 {[%clk 01:30:45]} {[%emt 00:00:15]} 2. Bf4 {[%clk
01:31:23]} {[%emt 00:00:05]} Nf6 {[%clk 01:31:06]} {[%emt 00:00:10]} 3. e3
{[%clk 01:31:49]} {[%emt 00:00:04]} g6 {[%clk 01:31:26]} {[%emt 00:00:10]} 4.
Nc3 {[%clk 01:31:58]} {[%emt 00:00:21]} a6 {[%clk 01:30:44]} {[%emt 00:01:12]}
5. Be2 {[%clk 01:31:28]} {[%emt 00:01:00]} Bg7 {[%clk 01:30:54]} {[%emt
00:00:20]} 6. h4 {[%clk 01:31:37]} {[%emt 00:00:20]} h5 {[%clk 01:22:57]}
{[%emt 00:08:27]} 7. Nf3 {[%clk 01:31:56]} {[%emt 00:00:12]} c5 {[%clk
01:16:08]} {[%emt 00:07:19]} 8. Qd2 {[%clk 01:25:08]} {[%emt 00:07:18]} Nbd7
{[%clk 00:59:39]} {[%emt 00:16:58]} 9. Ne5 {[%clk 01:15:04]} {[%emt 00:10:35]}
b5 {[%clk 00:46:03]} {[%emt 00:14:06]} 10. f3 {[%clk 01:10:59]} {[%emt
00:04:36]} Bb7 {[%clk 00:38:34]} {[%emt 00:07:58]} 11. Nd1 {[%clk 01:02:13]}
{[%emt 00:09:16]} Rc8 {[%clk 00:32:25]} {[%emt 00:06:39]} 12. c3 {[%clk
00:55:19]} {[%emt 00:07:25]} Nf8 {[%clk 00:29:45]} {[%emt 00:03:09]} 13. a4
{[%clk 00:37:54]} {[%emt 00:17:56]} c4 {[%clk 00:26:03]} {[%emt 00:04:11]} 14.
b4 {[%clk 00:36:43]} {[%emt 00:01:41]} Ne6 {[%clk 00:24:22]} {[%emt 00:02:11]}
15. Nf2 {[%clk 00:23:50]} {[%emt 00:13:23]} Qb6 {[%clk 00:11:52]} {[%emt
00:13:00]} 16. Bd1 {[%clk 00:17:58]} {[%emt 00:06:23]} a5 {[%clk 00:08:27]}
{[%emt 00:03:55]} 17. bxa5 {[%clk 00:17:41]} {[%emt 00:00:47]} Qxa5 {[%clk
00:08:41]} {[%emt 00:00:16]} 18. Qb2 {[%clk 00:15:26]} {[%emt 00:02:44]} Ra8
{[%clk 00:08:41]} {[%emt 00:00:30]} 19. O-O {[%clk 00:09:10]} {[%emt 00:06:46]}
O-O {[%clk 00:07:37]} {[%emt 00:01:34]} 20. Bc2 {[%clk 00:08:15]} {[%emt
00:01:25]} bxa4 {[%clk 00:02:37]} {[%emt 00:05:30]} 21. Rxa4 {[%clk 00:01:15]}
{[%emt 00:07:31]} Qc7 {[%clk 00:02:25]} {[%emt 00:00:41]} 22. Nxg6 {[%clk
00:01:16]} {[%emt 00:00:29]} Nxf4 {[%clk 00:02:38]} {[%emt 00:00:17]} 23. Nxf4
{[%clk 00:01:44]} {[%emt 00:00:02]} Bc6 {[%clk 00:01:33]} {[%emt 00:01:35]} 24.
Rb4 {[%clk 00:01:09]} {[%emt 00:01:05]} Rfb8 {[%clk 00:00:46]} {[%emt
00:01:17]} 25. Rb1 {[%clk 00:01:13]} {[%emt 00:00:26]} Rxb4 26. Qxb4 {[%clk
00:01:42]} Bh6 {[%clk 00:00:45]} {[%emt 00:00:50]} 27. N2h3 {[%clk 00:02:02]}
{[%emt 00:00:11]} e5 {[%clk 00:00:46]} {[%emt 00:00:28]} 28. Qb6 {[%clk
00:01:10]} {[%emt 00:01:22]} Qxb6 {[%clk 00:00:45]} {[%emt 00:00:32]} 29. Rxb6
{[%clk 00:01:38]} {[%emt 00:00:01]} exf4 {[%clk 00:00:51]} {[%emt 00:00:23]} 30.
Rxc6 {[%clk 00:02:02]} {[%emt 00:00:06]} fxe3 {[%clk 00:01:06]} {[%emt
00:00:15]} 31. Rb6 {[%clk 00:00:34]} {[%emt 00:01:59]} Ra1+ {[%clk 00:01:19]}
{[%emt 00:00:16]} 32. Bb1 {[%clk 00:00:39]} {[%emt 00:00:25]} Kg7 {[%clk
00:01:20]} {[%emt 00:00:30]} 33. Kf1 {[%clk 00:00:58]} {[%emt 00:00:11]} Ra3
{[%clk 00:01:41]} {[%emt 00:00:08]} 34. Ke2 {[%clk 00:00:44]} {[%emt 00:00:44]}
Rxc3 {[%clk 00:01:28]} {[%emt 00:00:43]} 35. Ng5 {[%clk 00:01:08]} {[%emt
00:00:06]} Bxg5 {[%clk 00:00:43]} {[%emt 00:01:16]} 36. hxg5 {[%clk 00:01:37]}
Nd7 {[%clk 00:00:33]} {[%emt 00:00:40]} 37. Rd6 {[%clk 00:01:25]} {[%emt
00:00:41]} Nf8 {[%clk 00:00:54]} {[%emt 00:00:09]} 38. Rxd5 {[%clk 00:01:21]}
{[%emt 00:00:35]} Ne6 {[%clk 00:01:20]} {[%emt 00:00:04]} 39. g3 {[%clk
00:01:23]} {[%emt 00:00:28]} h4 {[%clk 00:01:45]} {[%emt 00:00:05]} 40. Rd7
{[%clk 00:00:32]} {[%emt 00:01:20]} hxg3 {[%clk 00:02:08]} {[%emt 00:00:08]} 41.
g6 {[%clk 00:00:47]} {[%emt 00:00:15]} Nf4+ {[%clk 00:02:19]} {[%emt 00:00:18]}
42. Kf1 {[%clk 00:00:56]} {[%emt 00:00:21]} Rc1# {[%clk 00:02:42]} {[%emt
00:00:07]} 0-1

[Event "Pobyskydi 2026"]
[Site "?"]
[Date "2026.04.02"]
[Round "1.12"]
[White "Policar, Martin"]
[Black "Sigut, Ondrej"]
[Result "0-1"]
[WhiteElo "1948"]
[BlackElo "2016"]
[WhiteFideId "-1"]
[BlackFideId "-1"]
[PlyCount "54"]
[GameId "2294422712628263"]
[EventDate "2026.??.??"]
[SourceVersionDate "2026.04.02"]

{[%evp 0,54,15,-20,6,-23,-19,-18,-18,-48,-27,-19,-11,-2,-3,-34,-4,-37,-21,-48,-18,-21,11,4,4,5,17,-28,-12,-103,-117,-104,-97,-86,-83,-75,-45,-53,-10,-83,-31,-66,-79,-79,-74,-82,-38,-65,-67,-61,-71,-316,-362,-747,-755,-743,-767]} 1. c4 e6 2. g3 Nf6 3. Bg2 d5 4. b3 Be7 5. Nf3 b6 6. Bb2 Bb7 7. Qc2 c5 8. O-O O-O 9. Rd1 Nbd7 10. e3 Rc8 11. Nc3 Qc7 12. Rac1 Qb8 13. Ne2 Rfd8 14. Qb1 dxc4 15. bxc4 Qa8 16. Ne1 Bxg2 17. Nxg2 Ng4 18. Ne1 Nde5 19. Bxe5 Nxe5 20. Nf4 Qc6 21. Qb3 Rd7 22. Ne2 Bf6 23. d4 cxd4 24. Nxd4 Qb7 25. Nd3 Rxd4 26. exd4 Nf3+ 27. Kf1 Nxd4 0-1

[Event "Pobyskydi 2026"]
[Site "?"]
[Date "2026.04.02"]
[Round "1.13"]
[White "Vancakova, Veronika"]
[Black "Sulcova, Tereza Radmila"]
[Result "1/2-1/2"]
[WhiteElo "1937"]
[BlackElo "1919"]
[WhiteFideId "-1"]
[BlackFideId "-1"]
[PlyCount "89"]
[GameId "2294434890364146"]
[EventDate "2026.??.??"]
[SourceVersionDate "2026.04.02"]

{[%evp 0,89,18,18,33,4,7,6,20,16,34,3,10,10,10,13,19,8,-24,-8,-6,-14,18,-1,36,4,15,23,50,49,59,47,39,59,51,-3,4,6,7,7,4,10,7,-8,-7,-18,4,-5,-4,-1,1,12,12,10,10,2,14,3,3,12,18,0,7,8,19,-14,16,10,3,-5,8,0,0,0,8,3,9,0,0,0,0,0,0,0,0,0,0,-12,0,0,7,0]} 1. d4 e6 2. c4 Nf6 3. Nc3 Bb4 4. e3 O-O 5. Nge2 d5 6. a3 Be7 7. Nf4 c6 8. Bd3 dxc4 9. Bxc4 Nbd7 10. O-O Nb6 11. Bb3 c5 12. Bc2 cxd4 13. exd4 Nbd5 14. Nfxd5 Nxd5 15. Qd3 g6 16. Bh6 Re8 17. Ba4 Bd7 18. Nxd5 exd5 19. Bb3 Bc6 20. Rfe1 Bf6 21. Rxe8+ Qxe8 22. Rd1 Rd8 23. h3 Qe6 24. Be3 a5 25. Rc1 a4 26. Bd1 h5 27. Qc3 Ra8 28. Be2 Be7 29. Bd3 Bd6 30. Re1 Qd7 31. Bg5 Re8 32. Qd2 Kg7 33. Bh6+ Kh7 34. Bg5 Kg7 35. Re3 Rxe3 36. Qxe3 Qe8 37. Qxe8 Bxe8 38. h4 b5 39. Kf1 b4 40. axb4 Bxb4 41. Bc1 Kf6 42. Ke2 Ke6 43. Kd1 Be7 44. g3 f6 45. f4 1/2-1/2

[Event "Pobeskydi 2026"]
[Site "?"]
[Date "2026.04.02"]
[Round "1.14"]
[White "Brousek, Jiri"]
[Black "Koupil, Stepan"]
[Result "1/2-1/2"]
[WhiteElo "1915"]
[BlackElo "1935"]
[WhiteFideId "-1"]
[BlackFideId "-1"]
[PlyCount "103"]
[GameId "2294463534805084"]
[EventDate "2026.04.02"]

1. d4 d5 2. Nf3 c5 3. c4 e6 4. e3 Nf6 5. cxd5 exd5 6. Bb5+ Nc6 7. O-O Bg4 8. Qa4 Bd7 9. Nc3 c4 10. Ne5 Qc7 11. Nxd7 Qxd7 12. e4 a6 13. exd5 Nxd5 14. Bxc4 Nb6 15. Qb3 Nxc4 16. Qxc4 Qxd4 17. Re1+ Be7 18. Qb3 Qb4 19. Be3 Qxb3 20. axb3 O-O-O 21. Rec1 Bf6 22. Na4 Rd3 23. Nc5 Rxe3 24. fxe3 Bxb2 25. Rab1 Bxc1 26. Rxc1 Kc7 27. Kf2 Rd8 28. Ke2 a5 29. Rc4 b6 30. Nd3 b5 31. Rf4 f6 32. Nc5 Re8 33. h4 Re7 34. g4 Kb6 35. Ne4 h6 36. Nd6 Rd7 37. Nf5 Kc5 38. h5 Nb4 39. Nd4 Nd5 40. Rf5 Kb4 41. Kd3 a4 42. bxa4 bxa4 43. Rf1 Nc3 44. Rc1 a3 45. Rxc3 a2 46. Rc4+ Ka3 47. Rc3+ Kb4 48. Rc4+ Ka3 49. Rc3+ Kb2 50. Rb3+ Kc1 51. Ra3 Kb1 52. Rb3+ 1/2-1/2

[Event "Pobeskydi 2026"]
[Site "?"]
[Date "2026.04.02"]
[Round "1.15"]
[White "Sknouril, Jakub"]
[Black "Slamecka, David"]
[Result "1-0"]
[WhiteElo "1933"]
[BlackElo "1906"]
[WhiteFideId "-1"]
[BlackFideId "-1"]
[PlyCount "101"]
[GameId "2294464369361019"]
[EventDate "2026.04.02"]

1. e4 Nf6 2. Nc3 d5 3. e5 d4 4. exf6 dxc3 5. fxg7 cxd2+ 6. Qxd2 Qxd2+ 7. Bxd2 Bxg7 8. O-O-O Be6 9. Ne2 Nd7 10. Kb1 O-O-O 11. Nf4 Bf5 12. Be2 Nc5 13. Nh5 Bd4 14. Bc1 Rhg8 15. Ng3 Bg6 16. Rhf1 Ne4 17. Bf3 Nxg3 18. fxg3 Rd6 19. Rfe1 e5 20. g4 Re8 21. Be4 Bf2 22. Bxg6 fxg6 23. Rxd6 cxd6 24. Re2 Rf8 25. Bh6 Rf7 26. Kc1 Kd7 27. Kd2 Bg1 28. h3 Bh2 29. Kd3 Bf4 30. Rf2 Ke6 31. Bxf4 Rxf4 32. Rxf4 exf4 33. Ke4 g5 34. c4 Kf6 35. Kd5 Ke7 36. b4 Kd7 37. Kd4 Kc6 38. a4 a5 39. b5+ Kc7 40. Kd5 Kd7 41. c5 dxc5 42. Kxc5 Kc7 43. Kd5 Kd7 44. Ke5 Ke7 45. Kf5 Kd6 46. Kxg5 Ke5 47. Kh6 Ke4 48. Kxh7 Ke3 49. g5 Kf2 50. g6 Kxg2 51. g7 1-0

[Event "Pobeskydi 2026"]
[Site "Frydek-Mistek, Czech Republic"]
[Date "2026.04.02"]
[Round "2.1"]
[White "Walek, Petr"]
[Black "Lichorad, Mateusz"]
[Result "1-0"]
[TimeControl "90 min+30s/move"]
[WhiteTitle "-"]
[BlackTitle "-"]
[WhiteFideId "339393"]
[BlackFideId "21817693"]
[WhiteElo "2304"]
[BlackElo "2039"]

1. e4 {[%clk 01:30:58]} c5 {[%clk 01:30:54]} {[%emt 00:00:06]} 2. Nc3 {[%clk
01:31:22]} {[%emt 00:00:07]} Nc6 {[%clk 01:31:19]} {[%emt 00:00:05]} 3. Nge2
{[%clk 01:31:45]} {[%emt 00:00:07]} g6 {[%clk 01:24:30]} {[%emt 00:07:20]} 4.
d4 {[%clk 01:32:10]} {[%emt 00:00:06]} cxd4 {[%clk 01:24:56]} {[%emt 00:00:03]}
5. Nxd4 {[%clk 01:32:34]} {[%emt 00:00:06]} Bg7 {[%clk 01:25:23]} {[%emt
00:00:03]} 6. Be3 {[%clk 01:32:57]} {[%emt 00:00:07]} Nf6 {[%clk 01:21:28]}
{[%emt 00:04:25]} 7. Bc4 {[%clk 01:32:53]} {[%emt 00:00:33]} Qa5 {[%clk
01:16:42]} {[%emt 00:05:17]} 8. O-O {[%clk 01:33:04]} {[%emt 00:00:19]} O-O
{[%clk 01:13:36]} {[%emt 00:03:35]} 9. Bb3 {[%clk 01:33:29]} {[%emt 00:00:05]}
d6 {[%clk 01:12:01]} {[%emt 00:02:06]} 10. h3 {[%clk 01:33:54]} {[%emt
00:00:05]} Bd7 {[%clk 01:08:01]} {[%emt 00:04:29]} 11. f4 {[%clk 01:34:18]}
{[%emt 00:00:05]} Rac8 {[%clk 00:52:43]} {[%emt 00:15:49]} 12. Nf3 {[%clk
01:34:11]} {[%emt 00:00:37]} Nh5 {[%clk 00:35:59]} {[%emt 00:17:14]} 13. Qe1
{[%clk 01:22:04]} {[%emt 00:12:37]} e5 {[%clk 00:27:39]} {[%emt 00:08:50]} 14.
f5 {[%clk 00:51:41]} {[%emt 00:30:53]} Nd4 {[%clk 00:21:50]} {[%emt 00:06:19]}
15. fxg6 {[%clk 00:37:39]} {[%emt 00:14:32]} hxg6 {[%clk 00:22:10]} {[%emt
00:00:10]} 16. Ng5 {[%clk 00:38:04]} {[%emt 00:00:06]} Ne6 {[%clk 00:17:50]}
{[%emt 00:04:50]} 17. Rxf7 {[%clk 00:22:50]} {[%emt 00:15:44]} Rxf7 {[%clk
00:17:12]} {[%emt 00:01:07]} 18. Nxe6 {[%clk 00:23:16]} {[%emt 00:00:04]} Rf6
{[%clk 00:15:16]} {[%emt 00:02:26]} 19. Nc5+ {[%clk 00:21:11]} {[%emt
00:02:35]} 1-0

[Event "Pobeskydi 2026"]
[Site "Frydek-Mistek, Czech Republic"]
[Date "2026.04.02"]
[Round "2.2"]
[White "Sigut, Ondrej"]
[Black "Karas, Marek"]
[Result "1/2-1/2"]
[TimeControl "90 min+30s/move"]
[WhiteTitle "-"]
[BlackTitle "-"]
[WhiteFideId "23712813"]
[BlackFideId "14928558"]
[WhiteElo "2016"]
[BlackElo "2232"]

1. e4 {[%clk 01:30:56]} {[%emt 00:00:03]} c5 {[%clk 01:30:56]} {[%emt
00:00:05]} 2. Nf3 {[%clk 01:31:22]} {[%emt 00:00:04]} Nc6 {[%clk 01:31:18]}
{[%emt 00:00:07]} 3. Bb5 {[%clk 01:31:42]} {[%emt 00:00:10]} e5 {[%clk
01:29:36]} {[%emt 00:02:11]} 4. O-O {[%clk 01:30:03]} {[%emt 00:02:11]} Bd6
{[%clk 01:28:53]} {[%emt 00:01:10]} 5. c3 {[%clk 01:26:07]} {[%emt 00:04:29]}
a6 {[%clk 01:29:00]} {[%emt 00:00:23]} 6. Ba4 {[%clk 01:25:39]} {[%emt
00:00:58]} b5 {[%clk 01:29:21]} {[%emt 00:00:07]} 7. Bc2 {[%clk 01:24:53]}
{[%emt 00:01:16]} Nge7 {[%clk 01:29:40]} {[%emt 00:00:10]} 8. d4 {[%clk
01:23:33]} {[%emt 00:01:53]} cxd4 {[%clk 01:29:57]} {[%emt 00:00:13]} 9. cxd4
{[%clk 01:23:57]} {[%emt 00:00:06]} Nxd4 {[%clk 01:30:20]} {[%emt 00:00:06]} 10.
Nxd4 {[%clk 01:22:34]} {[%emt 00:01:54]} exd4 {[%clk 01:30:48]} {[%emt
00:00:02]} 11. Nd2 {[%clk 01:16:20]} {[%emt 00:06:44]} Qb6 {[%clk 01:26:45]}
{[%emt 00:04:31]} 12. Nf3 {[%clk 01:12:08]} {[%emt 00:04:44]} Bc5 {[%clk
01:22:30]} {[%emt 00:04:44]} 13. Bf4 {[%clk 01:05:42]} {[%emt 00:06:57]} d6
{[%clk 01:16:47]} {[%emt 00:06:11]} 14. a3 {[%clk 01:00:49]} {[%emt 00:05:25]}
a5 {[%clk 01:13:18]} {[%emt 00:03:59]} 15. b4 {[%clk 00:53:45]} {[%emt
00:07:34]} axb4 {[%clk 01:13:37]} {[%emt 00:00:11]} 16. axb4 {[%clk 00:54:08]}
{[%emt 00:00:07]} Rxa1 {[%clk 01:13:56]} {[%emt 00:00:10]} 17. Qxa1 {[%clk
00:54:35]} {[%emt 00:00:04]} Bxb4 {[%clk 01:12:23]} {[%emt 00:02:03]} 18. Qxd4
{[%clk 00:53:55]} {[%emt 00:01:10]} Qxd4 {[%clk 01:12:33]} {[%emt 00:00:20]} 19.
Nxd4 {[%clk 00:54:20]} {[%emt 00:00:05]} O-O {[%clk 01:09:25]} {[%emt
00:03:37]} 20. Rb1 {[%clk 00:49:59]} {[%emt 00:04:50]} Bc5 {[%clk 01:08:58]}
{[%emt 00:00:58]} 21. Nxb5 {[%clk 00:49:18]} {[%emt 00:01:12]} d5 {[%clk
01:08:56]} {[%emt 00:00:31]} 1/2-1/2

[Event "Pobeskydi 2026"]
[Site "Frydek-Mistek, Czech Republic"]
[Date "2026.04.02"]
[Round "2.3"]
[White "Durana, Jonas"]
[Black "Osina, Jaromir"]
[Result "1-0"]
[TimeControl "90 min+30s/move"]
[WhiteTitle "-"]
[BlackTitle "-"]
[WhiteFideId "73619663"]
[BlackFideId "23712759"]
[WhiteElo "2183"]
[BlackElo "1972"]

1. e4 {[%clk 01:30:50]} {[%emt 00:00:01]} e6 {[%clk 01:30:43]} {[%emt
00:00:26]} 2. d4 {[%clk 01:31:15]} {[%emt 00:00:04]} d5 {[%clk 01:31:11]}
{[%emt 00:00:03]} 3. e5 {[%clk 01:31:38]} {[%emt 00:00:07]} c5 {[%clk
01:31:36]} {[%emt 00:00:05]} 4. c3 {[%clk 01:32:03]} {[%emt 00:00:04]} Nc6
{[%clk 01:31:10]} {[%emt 00:00:56]} 5. Nf3 {[%clk 01:32:26]} {[%emt 00:00:07]}
Qb6 {[%clk 01:30:14]} {[%emt 00:01:27]} 6. Bd3 {[%clk 01:32:49]} {[%emt
00:00:06]} Bd7 {[%clk 01:30:16]} {[%emt 00:00:28]} 7. O-O {[%clk 01:33:08]}
{[%emt 00:00:10]} cxd4 {[%clk 01:29:49]} {[%emt 00:00:58]} 8. Re1 {[%clk
01:33:25]} {[%emt 00:00:11]} Nge7 {[%clk 01:24:57]} {[%emt 00:05:23]} 9. h4
{[%clk 01:33:48]} {[%emt 00:00:06]} Rc8 {[%clk 01:22:25]} {[%emt 00:03:03]} 10.
h5 {[%clk 01:34:11]} {[%emt 00:00:07]} h6 {[%clk 01:22:28]} {[%emt 00:00:27]}
11. a3 {[%clk 01:34:31]} {[%emt 00:00:09]} dxc3 {[%clk 01:19:59]} {[%emt
00:03:00]} 12. Nxc3 {[%clk 01:33:57]} {[%emt 00:01:04]} Na5 {[%clk 01:18:31]}
{[%emt 00:01:58]} 13. b4 {[%clk 01:10:42]} {[%emt 00:23:46]} Rxc3 {[%clk
01:10:57]} {[%emt 00:08:04]} 14. Be3 {[%clk 01:08:43]} {[%emt 00:02:28]} Qc7
{[%clk 01:05:06]} {[%emt 00:06:21]} 15. bxa5 {[%clk 01:09:07]} {[%emt
00:00:07]} Nc6 {[%clk 01:04:35]} {[%emt 00:01:01]} 16. a6 {[%clk 01:06:27]}
{[%emt 00:03:10]} b6 {[%clk 01:02:26]} {[%emt 00:02:39]} 17. Rc1 {[%clk
01:04:54]} {[%emt 00:02:03]} Nxe5 {[%clk 00:55:01]} {[%emt 00:07:54]} 18. Nxe5
{[%clk 01:02:03]} {[%emt 00:03:21]} Qxe5 {[%clk 00:54:54]} {[%emt 00:00:38]} 19.
Bxb6 {[%clk 01:01:40]} {[%emt 00:00:53]} Bxa3 {[%clk 00:46:01]} {[%emt
00:09:23]} 20. Rb1 {[%clk 00:53:14]} {[%emt 00:08:55]} Qd6 {[%clk 00:42:31]}
{[%emt 00:04:00]} 21. Bxa7 {[%clk 00:51:38]} {[%emt 00:02:06]} O-O {[%clk
00:41:24]} {[%emt 00:01:37]} 22. Bd4 {[%clk 00:50:44]} {[%emt 00:01:25]} Rcc8
{[%clk 00:38:53]} {[%emt 00:03:00]} 23. Rb6 {[%clk 00:47:42]} {[%emt 00:03:32]}
Qf4 {[%clk 00:34:32]} {[%emt 00:04:51]} 24. g3 {[%clk 00:46:51]} {[%emt
00:01:21]} Qg5 {[%clk 00:33:49]} {[%emt 00:01:12]} 25. Qb3 {[%clk 00:36:46]}
{[%emt 00:10:36]} Qe7 {[%clk 00:27:47]} {[%emt 00:06:33]} 26. Rb7 {[%clk
00:34:28]} {[%emt 00:02:48]} Bd6 {[%clk 00:26:31]} {[%emt 00:01:46]} 27. Bb5
{[%clk 00:15:37]} {[%emt 00:19:21]} Rc7 {[%clk 00:25:20]} {[%emt 00:01:41]} 28.
Rxc7 {[%clk 00:15:46]} {[%emt 00:00:19]} Bxc7 {[%clk 00:25:46]} {[%emt
00:00:06]} 29. Rc1 {[%clk 00:16:02]} {[%emt 00:00:14]} Bd6 {[%clk 00:23:25]}
{[%emt 00:02:50]} 30. Bxd7 {[%clk 00:10:08]} {[%emt 00:06:25]} Qxd7 {[%clk
00:23:53]} {[%emt 00:00:03]} 31. Qc3 {[%clk 00:10:19]} {[%emt 00:00:18]} f6
{[%clk 00:21:17]} {[%emt 00:03:06]} 32. Qc6 {[%clk 00:10:41]} {[%emt 00:00:07]}
Qxc6 {[%clk 00:10:22]} {[%emt 00:11:25]} 33. Rxc6 {[%clk 00:10:59]} {[%emt
00:00:12]} Be5 {[%clk 00:10:49]} {[%emt 00:00:03]} 34. Bc5 {[%clk 00:11:21]}
{[%emt 00:00:08]} Ra8 {[%clk 00:08:29]} {[%emt 00:02:51]} 35. a7 {[%clk
00:11:28]} {[%emt 00:00:23]} f5 {[%clk 00:04:52]} {[%emt 00:04:07]} 36. f4
{[%clk 00:11:54]} {[%emt 00:00:04]} Bf6 {[%clk 00:04:57]} {[%emt 00:00:24]} 37.
Rb6 {[%clk 00:12:01]} {[%emt 00:00:21]} 1-0